Statistics for Metal songs by lyrics

Click here to take the quiz!

General Stats

  • This quiz has been taken 232 times
    (223 since last reset)
  • The average score is 8 of 15

Answer Stats

LyricsSong Title% Correct
Exit light / Enter night / Take my hand / Off to never never landEnter Sandman
90%
I don't think you trust / In my self-righteous suicide / I cry when angels deserve to dieChop Suey!
79%
Has he lost his mind? / Can he see or is he blind?Iron Man
68%
I push my fingers into my eyes / It's the only thing that slowly stops the acheDuality
67%
If you like to gamble, I tell you I'm your man / You win some, lose some, all the same to meAce of Spades
65%
White man came across the sea / He brought us pain and miseryRun to the Hills
58%
Ride the tiger / You can see his stripes but you know he's clean / Oh don't you see what I mean?Holy Diver
55%
You take a mortal man / And put him in control / Watch him become a god / Watch people's heads a-rollSymphony of Destruction
55%
Something takes a part of me / You and I were meant to beFreak on a Leash
46%
Be yourself by yourself / Stay away from me / A lesson learned in life / Known from the dawn of timeWalk
44%
Faster than a bullet / Terrifying scream / Enraged and full of anger / He's half man and half machinePainkiller
42%
You should have known / The price of evil / And it hurts to know / That you belong here, yeahNightmare
28%
Pierced from below, souls of my treacherous past / Betrayed by many, now ornaments dripping aboveRaining Blood
27%
I know the pieces fit 'cause I watched them fall awaySchism
26%
Hey you, what do you see? / Something beautiful or something free?The Beautiful People
25%

Score Distribution

Percentile by Number Answered

Percent of People with Each Score

Your Score History

You have not taken this quiz since the last reset